Southville International School and Colleges
Your cart is empty.
  • Cart
  • Lists
    Public lists Eva Luna New books Lux_list list_1
    Your lists Log in to create your own lists
  • Log in to your account
  • Your cookies
  • Search history
Southville International School and Colleges
  • Advanced search
  • Recent comments
  • Most popular
  • Libraries

Log in to your account

Log in with GOOGLE


If you do not have an external account, but do have a local account, you can still log in:

  1. Home
  2. MARC view: Psychological disorders and the therapies DSM5 perspective
Normal view MARC view ISBD view

Psychological disorders and the therapies DSM5 perspective (Record no. 366828)

[ view plain ]
MARC details
000 -LEADER
fixed length control field 00754nam a22002297a 4500
003 - CONTROL NUMBER IDENTIFIER
control field 0
005 - DATE AND TIME OF LATEST TRANSACTION
control field 20241226102408.0
008 - FIXED-LENGTH DATA ELEMENTS--GENERAL INFORMATION
fixed length control field 241226b xxu||||| |||| 00| 0 eng d
020 ## - INTERNATIONAL STANDARD BOOK NUMBER
International Standard Book Number 978-19-167844-6-4
050 ## - LIBRARY OF CONGRESS CALL NUMBER
Classification number BF 121
Item number .J64 2024
100 ## - MAIN ENTRY--PERSONAL NAME
Personal name Johnson, Harry
245 ## - TITLE STATEMENT
Title Psychological disorders and the therapies DSM5 perspective
Statement of responsibility, etc Harry Johnson
250 ## - EDITION STATEMENT
Edition statement First Edition
260 ## - PUBLICATION, DISTRIBUTION, ETC. (IMPRINT)
Place of publication, distribution, etc London, United Kingdom
Name of publisher, distributor, etc Vintage Press, Ltd.
Date of publication, distribution, etc 2024
300 ## - PHYSICAL DESCRIPTION
Extent x, 260 pages ;
Dimensions 24cm.
504 ## - BIBLIOGRAPHY, ETC. NOTE
Bibliography, etc Includes bibliographical references and index.
650 ## - SUBJECT ADDED ENTRY--TOPICAL TERM
Topical term or geographic name as entry element Psychology.
650 ## - SUBJECT ADDED ENTRY--TOPICAL TERM
Topical term or geographic name as entry element Psychology disorder.
650 ## - SUBJECT ADDED ENTRY--TOPICAL TERM
Topical term or geographic name as entry element Psychology--therapy.
650 ## - SUBJECT ADDED ENTRY--TOPICAL TERM
Topical term or geographic name as entry element Diagnostic and statistical manual of mental disorders.—5th ed.
942 ## - ADDED ENTRY ELEMENTS (KOHA)
Source of classification or shelving scheme Library of Congress Classification
Koha item type Books
Holdings
Withdrawn status Lost status Source of classification or shelving scheme Damaged status Home library Current library Shelving location Date acquired Source of acquisition Sub Shelving location Total Checkouts Full call number Barcode Date last seen Price effective from Koha item type
    Library of Congress Classification   College Library College Library Reserve Section 12/26/2024 Library Fund     BF 121 .J64 2024 C24041 12/26/2024 12/26/2024 Books

Psychological disorders and the therapies DSM5 perspective

APA

Johnson H., . (2024). Psychological disorders and the therapies DSM5 perspective. London, United Kingdom: Vintage Press, Ltd.

Chicago

Johnson Harry, . 2024. Psychological disorders and the therapies DSM5 perspective. London, United Kingdom: Vintage Press, Ltd.

Harvard

Johnson H., . (2024). Psychological disorders and the therapies DSM5 perspective. London, United Kingdom: Vintage Press, Ltd.

MLA

Johnson Harry, . Psychological disorders and the therapies DSM5 perspective. London, United Kingdom: Vintage Press, Ltd. 2024.

  • Place hold
  • Print
  • Cite
  • Add to your cart (remove)
  • Save record
    BIBTEX Dublin Core MARCXML MARC (non-Unicode/MARC-8) MARC (Unicode/UTF-8) MARC (Unicode/UTF-8, Standard) MODS (XML) RIS
  • More searches
    Search for this title in:
    Other Libraries (WorldCat) Other Databases (Google Scholar) Online Stores (Bookfinder.com) Open Library (openlibrary.org)

Exporting to Dublin Core...

SOUTHVILLE LIBRARY

Southville International School and Colleges Library

1281 Tropical Ave. Cor. Luxembourg St., BF Homes International, Las Pinas City

Tel. No. 8256374 / 252358 Loc. 117/146

Powered by Koha